<?xml version="1.0" encoding="UTF-8"?><?xml-stylesheet type="text/xsl" href="static/style.xsl"?><OAI-PMH xmlns="http://www.openarchives.org/OAI/2.0/" xmlns:xsi="http://www.w3.org/2001/XMLSchema-instance" xsi:schemaLocation="http://www.openarchives.org/OAI/2.0/ http://www.openarchives.org/OAI/2.0/OAI-PMH.xsd"><responseDate>2026-04-13T01:12:44Z</responseDate><request verb="GetRecord" identifier="oai:www.recercat.cat:2117/121414" metadataPrefix="marc">https://recercat.cat/oai/request</request><GetRecord><record><header><identifier>oai:recercat.cat:2117/121414</identifier><datestamp>2025-07-16T22:20:35Z</datestamp><setSpec>com_2072_1033</setSpec><setSpec>col_2072_452949</setSpec></header><metadata><record xmlns="http://www.loc.gov/MARC21/slim" xmlns:dcterms="http://purl.org/dc/terms/" xmlns:xsi="http://www.w3.org/2001/XMLSchema-instance" xmlns:doc="http://www.lyncode.com/xoai" xsi:schemaLocation="http://www.loc.gov/MARC21/slim http://www.loc.gov/standards/marcxml/schema/MARC21slim.xsd">
   <leader>00925njm 22002777a 4500</leader>
   <datafield ind2=" " ind1=" " tag="042">
      <subfield code="a">dc</subfield>
   </datafield>
   <datafield ind2=" " ind1=" " tag="720">
      <subfield code="a">Vieira e Silva, Anna Lúcia dos Santos</subfield>
      <subfield code="e">author</subfield>
   </datafield>
   <datafield ind2=" " ind1=" " tag="720">
      <subfield code="a">Madariaga López, Itsaso</subfield>
      <subfield code="e">author</subfield>
   </datafield>
   <datafield ind2=" " ind1=" " tag="260">
      <subfield code="c">2017-05-31</subfield>
   </datafield>
   <datafield ind2=" " ind1=" " tag="520">
      <subfield code="a">Ponència presentada a la sessió 3</subfield>
   </datafield>
   <datafield ind2=" " ind1=" " tag="520">
      <subfield code="a">El artículo tiene como objetivo cuestionar aspectos participativos, didácticos y espaciales&#xd;
por medio de un análisis comparativo entre dos estudios de caso, ambos llevados a cabo&#xd;
entre el año 2015 y 2016. Uno realizado en Brasil en la asignatura Proyecto 4, del curso de&#xd;
Diseño del Departamento de Arquitectura y Urbanismo de la Universidade Federal do Ceará&#xd;
y el otro en España, dentro del programa Elkartoki, proyecto experimental desarrollado en&#xd;
la Ikastola San Nikolas de Getxo por Tipi Studio. En el primero, la programación de la&#xd;
asignatura se hace conjuntamente, con valores de igualdad, entre profesores y alumnos con&#xd;
el objetivo común de relacionar diseño y espacio público a partir de tres temas: sistemas,&#xd;
dinámica y complejidad. Las relaciones entre educación, participación y espacio no son&#xd;
predecibles y son definidas a lo largo del proceso en cuatro etapas: 1) metaproyecto; 2)&#xd;
proyecto; 3) realización; 4) reflexión. En el segundo, son los profesionales relacionados a la&#xd;
arquitectura y diseño los que proponen repensar el espacio pedagógico, a través de un&#xd;
programa participativo donde los alumnos, como principales usuarios, se apropian del patio&#xd;
de la escuela en tres etapas: 1) entender el espacio; 2) imaginar el espacio; 3) transformar el&#xd;
espacio. En el primero la ciudad se convierte en la escuela, cuando los alumnos deciden en&#xd;
el desarrollo de la asignatura intervenir en la plaza cerca de la universidad. En el segundo, el&#xd;
sentido de espacio público viene a la escuela, cuando el patio gana el significado práctico de&#xd;
lo que pertenece a todos, incluso para transformarlo. En común, los dos estudios de caso se&#xd;
apropian del espacio como lenguaje, herramienta educativa, objeto de estudio, laboratorio,&#xd;
ambiente de aprendizaje y transformación, con énfasis en el proceso, que es donde el&#xd;
aprendizaje se da de forma dinámica, creativa y participativa.</subfield>
   </datafield>
   <datafield tag="653" ind2=" " ind1=" ">
      <subfield code="a">Àrees temàtiques de la UPC::Urbanisme</subfield>
   </datafield>
   <datafield tag="653" ind2=" " ind1=" ">
      <subfield code="a">City planning</subfield>
   </datafield>
   <datafield tag="653" ind2=" " ind1=" ">
      <subfield code="a">Public spaces</subfield>
   </datafield>
   <datafield tag="653" ind2=" " ind1=" ">
      <subfield code="a">Group work in education</subfield>
   </datafield>
   <datafield tag="653" ind2=" " ind1=" ">
      <subfield code="a">Espacios educativos</subfield>
   </datafield>
   <datafield tag="653" ind2=" " ind1=" ">
      <subfield code="a">Metodologías participativas</subfield>
   </datafield>
   <datafield tag="653" ind2=" " ind1=" ">
      <subfield code="a">Prácticas pedagógicas</subfield>
   </datafield>
   <datafield tag="653" ind2=" " ind1=" ">
      <subfield code="a">Procesos creativos</subfield>
   </datafield>
   <datafield tag="653" ind2=" " ind1=" ">
      <subfield code="a">Urbanisme</subfield>
   </datafield>
   <datafield tag="653" ind2=" " ind1=" ">
      <subfield code="a">Espais públics</subfield>
   </datafield>
   <datafield tag="653" ind2=" " ind1=" ">
      <subfield code="a">Ensenyament -- Treball en equip</subfield>
   </datafield>
   <datafield ind2="0" ind1="0" tag="245">
      <subfield code="a">La educación participativa y el espacio educacional: dos estudios de caso comparados</subfield>
   </datafield>
</record></metadata></record></GetRecord></OAI-PMH>